Countries Of Oceania - Statistics

General Stats
  • This quiz has been taken 12 times
  • The average score is 13 of 14
Answer Stats
Population Answer % Correct
24.156.600 M Australia
100%
920.938 m Fiji
100%
10.225 m Nauru
100%
4.578.900 M New Zealand
100%
21.000 m Palau
100%
538.148 m Solomon Islands
100%
102.624 m Federate States of Micronesia
90%
110.136 m Kiribati
90%
56.429 m Marshall Islands
90%
183.081 m Samoa
90%
7.275.324 M Papua New Guinea
80%
104.058 Tonga
80%
9.827 Tuvalu
80%
258.301 m Vanuatu
80%
No matching quizzes found
Score Distribution
Percent of People with Each Score
Percentile by Number Answered
Your Score History
You have not taken this quiz